Restrictive covenants considered (Record no. 65542)
[ view plain ]
| 000 -LEADER | |
|---|---|
| fixed length control field | 01218cam a2200217 4500 |
| 001 - CONTROL NUMBER | |
| control field | WB3648-33 |
| 008 - FIXED-LENGTH DATA ELEMENTS--GENERAL INFORMATION | |
| fixed length control field | 000000n2000 000 0 eng u |
| 035 ## - SYSTEM CONTROL NUMBER | |
| System control number | (Sirsi) u109851 |
| 245 ## - TITLE STATEMENT | |
| Title | Restrictive covenants considered |
| 260 ## - PUBLICATION, DISTRIBUTION, ETC. | |
| Date of publication, distribution, etc. | 2000 |
| 490 ## - SERIES STATEMENT | |
| Series statement | Estates Gazette |
| Volume/sequential designation | (0048) 2 December 2000, 116(1) |
| 520 ## - SUMMARY, ETC. | |
| Summary, etc. | Considers the enforceability of restrictive covenants, and the lessons to be learnt from the recent judgment, upheld by the CA, in "Morrells of Oxford Ltd v Oxford United Football Club". This concerned the building of a new stadium for a football club. Key points to come out of this litigation are that: s79 of the Law of Property Act 1925 can, in limited circumstances, extend the enforceability of restrictive covenants; exclusion of s79 does not have to be explicit; it will not apply where it is inconsistent with the terms of the covenant. Also looks at earlier case law and its treatment of contrary intention. |
| 590 ## - LOCAL NOTE (RLIN) | |
| Local note | WB |
| 650 ## - SUBJECT ADDED ENTRY--TOPICAL TERM | |
| Topical term or geographic name entry element | RESTRICTIVE COVENANTS |
| 650 ## - SUBJECT ADDED ENTRY--TOPICAL TERM | |
| Topical term or geographic name entry element | ENFORCEABILITY |
| 650 ## - SUBJECT ADDED ENTRY--TOPICAL TERM | |
| Topical term or geographic name entry element | LAW OF PROPERTY ACT 1925 S79 |
| 650 ## - SUBJECT ADDED ENTRY--TOPICAL TERM | |
| Topical term or geographic name entry element | MORRELLS OF OXFORD LTD V OXFORD UNITED FOOTBALL CLUB AND OTHERS |
| 650 ## - SUBJECT ADDED ENTRY--TOPICAL TERM | |
| Topical term or geographic name entry element | PUBLIC HOUSE |
| 690 ## - LOCAL SUBJECT ADDED ENTRY--TOPICAL TERM (OCLC, RLIN) | |
| Topical term or geographic name as entry element | PROPERTY |
| 942 ## - ADDED ENTRY ELEMENTS (KOHA) | |
| Suppress in OPAC | 0 |
| Withdrawn status | Lost status | Source of classification or shelving scheme | Damaged status | Not for loan | Home library | Current library | Shelving location | Date acquired | Total Checkouts | Full call number | Barcode | Date last seen | Copy number | Price effective from | Koha item type |
|---|---|---|---|---|---|---|---|---|---|---|---|---|---|---|---|
| Dewey Decimal Classification | London | London | News article | 07/12/2000 | WB3648-33 | 109851-1001 | 06/08/2019 | 1 | 06/08/2019 | News article |